000 00600nam a22002297a 4500
003 UA-OsUOA
001 43712
007 ta
008 20091027b un ||||| |||| 00| 0 ukr d
100 _aФордієнко А.
090 _a09.-39
_bФ79
942 _cBR
040 _aUA-OsUOA
_bukr
_cUA-OsUOA
_dUA-OsUOA
245 _aДіяльоги на вечір сміху
300 _a20 с.
955 _a4
041 _aukr
080 _a09.-39
260 _aВінніпег
_bПопулярне видавництво
_c1936
650 7 _a0 Загальний відділ.
_2UDC
999 _c442186
_d442186